Guess The Band By the Albums - Statistics

General Stats
  • This quiz has been taken 169 times
  • The average score is 16 of 25
Answer Stats
Hint Answer % Correct
Back In Black, Highway To Hell, High Voltage AC DC
97%
Please Please Me, Abbey Road, Rubber Soul The Beatles
94%
The Wall, Dark Side Of The Moon, Wish You Were Here Pink Floyd
92%
In Utero, NeverMind, Bleach Nirvana
89%
Master Of Puppets, Ride The Lighting, Kim Em All Metallica
86%
One of These Nights, Hotel California, Desperado Eagles
85%
By The Way, Black Summer, Californication Red Hot Chilli Peppers
85%
Paranoid, Master Of Reality, Heaven and Hell Black Sabbath
80%
OK Computer, The Bends, Kid A RadioHead
79%
London Calling, Combat Rock, Sandinista! The Clash
76%
Appetite For Destruction, Use Your Illusion I, Chinsese Democracy Guns N Roses
75%
A Night At The Opera, Sheer Heart Attack, News Of The World Queen
72%
Rumours, Tusk, The Dance Fleetwood Mac
70%
Pet Sounds, Surfer Girl, Smiley Smile The Beach Boys
69%
Houses of the Holy, Physical Graffiti, In Through The Outdoor Led Zeppelin
64%
Who's Next, Tommy, My Generation The Who
63%
L.A Woman, Strange Days, The Soft Parade The Doors
60%
AfterMath, Let It Bleed, Sticky Fingers The Rolling Stones
57%
Reggatta de Blanc, Outlandos d'Amour, Synchronicity The Police
46%
Machine Head, Burn, Perfect Strangers Deep Purple
42%
Love Gun, Destroyer, Dynasty KISS
39%
Parallel Lines, Eat To The Beat, Pollinator Blondie
33%
End of the Century, Rocket To Russia, Road To Ruin Ramones
33%
Doolittle, Surfer Rosa, Bossanova Pixies
32%
Eat A Peach, At Fillmore East, Idlewild South Allman Brothers Band
14%
No matching quizzes found
Score Distribution
Percent of People with Each Score
Percentile by Number Answered
Your Score History
You have not taken this quiz